Nba Quiz - Statistics

General Stats
  • This quiz has been taken 27 times
  • The average score is 12 of 15
Answer Stats
Question Answer % Correct
Who has 11 championships Bill Russell
95%
Which NBA player appears on the logo Jerry West
95%
Who helped the warriors win 2 championships against Lebron James Kevin Durant
95%
In 2010-2011 what team did Lebron James go to Miami Heat
95%
Who scored 100 points in a single game Wilt Chamberlain
95%
Who was the first Asian NBA Player to get 1st Draft Yao Ming
91%
Who played in the Eastern team Bill Russell
86%
Who shot the best buzzer beater in Game 7 against the Philadelphia 76ers Kawhi Leonard
86%
Which NBA team has won a championship beford Toronto Raptors
82%
Which NBA player did not get MVP Sam Jones
77%
Who has the most MVP Kareem Abdul-Jabbar
68%
Who kissed Magic Johnson on the court Isiah Thomas
64%
What team did Shaq played in 2005 Miami Heat
50%
Which NBA logo was never changed Chicago Bulls
41%
Which was the first NBA match in NBA History New York KnickBockers vs Toronto Huskies
41%
No matching quizzes found
Score Distribution
Percent of People with Each Score
Percentile by Number Answered
Your Score History
You have not taken this quiz